|
|
|
|
| LEADER |
00000nab a2200000 4500 |
| 001 |
vtls008693887 |
| 003 |
SK-MaSNL |
| 005 |
20260303073929.0 |
| 008 |
140301 1956 xo p 000 0 slo |
| 015 |
|
|
|a SNBRRBDKK190120XX
|
| 035 |
|
|
|a CLAS02vtls000024892
|
| 040 |
|
|
|a SNKBUDKK
|b slo
|c SNKBUDKK
|e AACR2
|
| 041 |
0 |
|
|a slo
|
| 044 |
|
|
|a xo
|c SK
|
| 080 |
|
|
|a 655.41
|x (494)
|2 1997
|
| 080 |
|
|
|a 339.174
|x (437.6)
|2 1997
|
| 245 |
0 |
0 |
|a Putovný veľtrh záujmovej skupiny švajčiarskych nakladateľov
|
| 500 |
|
|
|a Rubrika: Zprávy
|
| 520 |
2 |
|
|a Správa o putovnej výstave švajčiarskej a inej zahraničnej knižnej produkcie inštalovanej švajčiarskymi vydavateľstvami v mestách na Slovensku za účelom objednávania kníh
|
| 650 |
0 |
7 |
|a knižný obchod
|2 snkbudkk
|9 29140
|
| 773 |
0 |
|
|t Knižnica : časopis pre knižnú kultúru
|g Roč. 8, č. 1 (1956), s. 33
|
| 850 |
|
|
|a Slovenská národná knižnica v Martine
|
| 852 |
|
|
|a SNK
|b KIS3GCP
|
| 856 |
4 |
1 |
|u http://www.viks.sk/dkk/kniznica1956_33b.doc
|y plný text
|
| 910 |
|
|
|a bdkk
|a memoriask
|
| 999 |
|
|
|c 1769613
|d 1771543
|